| 000 | 00933cab a22001935a 4500 | ||
|---|---|---|---|
| 001 | L141607 | ||
| 008 | 071205e20071116xxka f 000 0 eng d | ||
| 035 | _a(Sirsi) u141607 | ||
| 041 | 0 | _aeng | |
| 100 | 1 | _aLawson, David | |
| 245 | 0 | 0 |
_aParking _boperators jostle for stakes in finely tuned market |
| 260 | _c2007 | ||
| 490 | 0 |
_aProperty Week _v72(46) 16 November 2007, 127(1) |
|
| 520 | _aFirst in a series of three articles looking at issues relating to parking. Reports on how the UK parking sector is quickly becoming an outlet for alternative investment. Considers the value of the parking sector, national car parks. Provides short profiles on four companies: Meteor; Britannia; Euro Car Parks; RCP (formerly Regional Car Parks) and Excel Parking Services. (See also L141616 and L141495). | ||
| 590 | _aKA | ||
| 651 | 4 |
_aUnited Kingdom _y |
|
| 690 | _aPROPERTY-COMMERCIAL PROPERTY-COMMERCIAL PROPERTY MARKET | ||
| 942 | _n0 | ||
| 999 |
_c79539 _d79539 |
||